| Tag |
First Indicator |
Second Indicator |
Subfields |
| LEADER |
00000cam a2200000 a 4500 |
| 001 |
in00001144813 |
| 005 |
20151001050601.0 |
| 007 |
he bmb|||baca |
| 008 |
831011s1841 mdu b 000 0 eng d |
| 035 |
|
|
|a (OCoLC)09998119
|
| 035 |
|
|
|9 AGB7081AM
|
| 040 |
|
|
|a GUA
|c GUA
|d m/c
|d TXA
|d UtOrBLW
|
| 043 |
|
|
|a n-us-pa
|
| 049 |
|
|
|a TXAI
|
| 052 |
|
|
|a 3820
|
| 090 |
|
|
|a Z1201.S45
|b B73405 H57
|
| 099 |
|
|
|a fiche
|a C
|a 8887
|
| 100 |
1 |
|
|a Brooks, N. C.
|q (Nathan Covington),
|d 1809-1898,
|e cn.
|
| 245 |
1 |
4 |
|a The history of the church :
|b a poem /
|c by N.C. Brooks, A.M.
|
| 264 |
|
1 |
|a Baltimore :
|b Pub. by the Society,
|c 1841.
|
| 300 |
|
|
|a 60 pages ;
|c 19 cm.
|
| 336 |
|
|
|a text
|b txt
|2 rdacontent
|
| 337 |
|
|
|a microform
|b h
|2 rdamedia
|
| 338 |
|
|
|a microfiche
|b he
|2 rdacarrier
|
| 500 |
|
|
|a Read before the Diagnothian Society of Marshall College, on the anniversary, July 5, 1841.
|
| 500 |
|
|
|a From creation to the millenium.
|
| 533 |
|
|
|a Microfiche.
|b Louisville [Ky.] :
|c Lost Cause Press,
|d 1970.
|e 3 microfiches : negative ; 10 x 15 cm.
|f (Selected Americana from Sabin's dictionary of books relating to America)
|
| 539 |
|
|
|a s
|b 1970
|d kyu
|e n
|
| 500 |
|
|
|a Microform.
|
| 710 |
2 |
|
|a Diagnothian Literary Society of Marshall College (Mercersburg, Pa.)
|
| 999 |
|
|
|a MARS
|
| 999 |
f |
f |
|s 4707dbf5-9d42-3257-af5a-0e7f52ed31c4
|i 2e8f9e80-175b-3514-a62b-557e0ea7a03b
|t 0
|
| 952 |
f |
f |
|p normal
|a Texas A&M University
|b College Station
|c Sterling C. Evans Library
|d Evans: Microforms (3rd floor)
|t 0
|e fiche C 8887
|h Other scheme
|i microform -- microfiche
|m A14822868625
|
| 998 |
f |
f |
|a fiche C 8887
|t 0
|l Evans: Microforms (3rd floor)
|